000 00859nam a2200277 a 4500
008
020 _a007042327X (cased)
049 _aMAIN
090 _aTK7874
100 1 _aMillman, Jacob.
245 1 0 _aMicroelectronics :
_bdigital and analog circuits and systems /
_cJacob Millman.
260 _aNew York :
_bMcGraw-Hill,
_cc1979.
300 _axxviii, 881 p. :
_bill. ;
_c24 cm.
440 0 _aMcGraw-Hill series in electrical engineering.
504 _aIncludes bibliographical references.
500 _aIncludes index.
650 0 _aIntegrated circuits.
650 0 _aMicroelectronics.
650 0 _aElectronic circuit design.
650 0 _aDigital electronics.
907 _a.b10128621
_b08-07-04
_c23-06-04
003
005 20230123133745.0
040 _cNUST
942 _cBOOKS
_kTK7874
999 _c154118
_d154118